00728nam a2200157Ia 4500008004100000100002400041245008800065245017000153260005300323260001800376300000800394650001500402856006100417999001900478952007300497170221s9999 xx 000 0 und d aIrina V. Terentyeva aAssessment of State Services Quality and Availability in the Socio-Cultural Sphere  cIrina V. Terentyeva, Mikhail P. Starodubtsev, Andrey I. Timonin, Natalya B. Pugacheva, Nadezhda N. Zykova, Alexander N. Lunev, Sergey G. Ezhov, Lyudmila D. Starikova bInternational Review of Management and Marketing cFebruary 2015 a4:1 xMarketing. uhttp://www.econjournals.com/index.php/irmm/issue/view/64 c310024d310024 001040aCLbCLd2017-02-21l0r2017-02-21 00:00:00w2017-02-21yFOJ